00700nam a2200241Ia 450000100060000000300090000600800410001504000130005604000130006904100130008210000160009510000290011124500420014024500350018225000110021726000110022826000100023926000490024930000550029850000380035365000360039165000310042786569IT-RoPAU130308s9999 xx 000 0 und d aIT-RoPAU cIT-RoPAU aSPAGNOLO aGrau George gCodice Aut. SPICS: 19692 aColor en la pintura y en el cine (El) bNueva Frontiera del color (La) a1a ed. aMADRID bRIALP c1962 [1° Ed.:1962 - Ed.Ling.Originale:1962] a"7 p. (prefazione: no ; testo: 7 [pagine: 75-81])" aColore nella Pittura e nel Cinema aTEORIA/LINGUAGGI DI ESTETOLOGIA eCodice materia Spics: 5103